| 000 | 01213nam a2200289Ia 4500 | ||
|---|---|---|---|
| 008 | 191130s2008##################000#0#eng## | ||
| 020 | _a9780300139204 | ||
| 022 | _a2007046613 | ||
| 040 |
_aACL _cACL |
||
| 082 | _a709.73 KLE | ||
| 245 |
_aAction/abstraction : Pollock, de Kooning, and American art, 1940-1976 _cedited by Norman L. Kleeblatt ; cultural timeline by Maurice Berger ; essays by Debra Bricker Balken ... [et al.] |
||
| 260 |
_aNew York _bJewish Museum under the auspices of The Jewish Theological Seminary of America ; Yale University Press _cc2008 |
||
| 300 | _axi, 332 p. : ill. (chiefly col.) ; 32 cm | ||
| 500 | _aIncludes bibliographical references and index | ||
| 650 | _aAbstract expressionism - United States - Exhibitions | ||
| 650 | _aArt criticism - United States - History - 20th century | ||
| 650 | _aArt, American - 20th century - Exhibitions | ||
| 650 | _aGreenberg, Clement, 1909-1994 | ||
| 650 | _aRosenberg, Harold, 1906-1978 | ||
| 700 | _aBalken, Debra Bricker | ||
| 700 | _aBerger, Maurice | ||
| 700 | _aKleeblatt, Norman L | ||
| 710 | _aJewish Museum (New York, N.Y.) | ||
| 990 | _ae0328156ac10000c388d82cd08b51881 | ||
| 991 | _a372496 | ||
| 999 |
_c361446 _d361446 |
||